Reading Mark in context : (Registro nro. 30672)

Detalles MARC
000 -LEADER
campo de control de longitud fija 03766cam a22004934i 4500
003 - IDENTIFICADOR DE NÚMERO DE CONTROL
campo de control PE-LiUPU
005 - FECHA Y HORA DE LA ÚLTIMA TRANSACCIÓN
campo de control 20250731173112.0
008 - DATOS DE LONGITUD FIJA--INFORMACIÓN GENERAL
campo de control de longitud fija 190102s2018 miua r 001 0 eng
020 ## - NÚMERO INTERNACIONAL ESTÁNDAR DEL LIBRO
Número Internacional Estándar del Libro 0310534453
020 ## - NÚMERO INTERNACIONAL ESTÁNDAR DEL LIBRO
Número Internacional Estándar del Libro 9780310534457
035 ## - NÚMERO DE CONTROL DEL SISTEMA
Número de control de sistema (Sirsi) a251248
049 ## - FONDOS LOCALES (OCLC)
Biblioteca depositaria PRUA
082 04 - NÚMERO DE LA CLASIFICACIÓN DECIMAL DEWEY
Número de clasificación 226.3067
Cutter R31
Número de edición 23
245 00 - MENCIÓN DEL TÍTULO
Título Reading Mark in context :
Resto del título Jesus and Second Temple Judaism /
Mención de responsabilidad, etc. Ben C. Blackwell, John K. Goodrich & Jason Maston, editors.
264 #1 - PRODUCCIÓN, PUBLICACIÓN, DISTRIBUCIÓN, FABRICACIÓN Y COPYRIGHT
Producción, publicación, distribución, fabricación y copyright Grand Rapids :
Nombre del de productor, editor, distribuidor, fabricante Zondervan,
Fecha de producción, publicación, distribución, fabricación o copyright [2018].
300 ## - DESCRIPCIÓN FÍSICA
Extensión 286 páginas :
Otras características físicas ilustraciones;
Dimensiones 23 centímetros
336 ## - TIPO DE CONTENIDO
Término de tipo de contenido text
Fuente rdacontent
337 ## - TIPO DE MEDIO
Nombre/término del tipo de medio unmediated
Fuente rdamedia
338 ## - TIPO DE SOPORTE
Nombre/término del tipo de soporte volume
Fuente rdacarrier
504 ## - NOTA DE BIBLIOGRAFÍA, ETC.
Nota de bibliografía, etc. Índice: páginas 267-286.
505 0# - NOTA DE CONTENIDO CON FORMATO
Nota de contenido con formato Rule of the community and Mark 1:1-13: -- The parables of Enoch and Mark 1:14-2:12: the authoritative Son of Man -- Josephus and Mark 2:13-3:6: controversies with the scribes and Pharisees -- The testaments of the twelve patriarchs and Mark 3:7-35: apocalyptic and the kingdom -- 4Ezra and Mark 4:1-34: parables on seeds, sowing, and fruit -- The Testament of Solomon and Mark 5:1-20: exorcism and power over evil spirits -- Mishnah Zabim and Mark 5:21-6:6a: the rules on purity -- Josephus and Mark 6:6b-29: Herod Antipas's execution of John the Baptist -- 4QConsolations and Mark 6:30-56: images of a new exodus -- The letter of Aristeas and Mark 7:1-23: developing ideas of defilement -- Jubilees and Mark 7:24-37: crossing ethnic boundaries -- The Damascus document and Mark 8:1-26: blindness and sight on "the way" -- Sirach and Mark 8:27-9:13: Elijah and the Eschaton -- Tobit and Mark 9:14-29: imperfect faith -- Rule of the community and Mark 9:30-50: discipleship reordered -- Mishnah Gittin and Mark 10:1-12: marriage and divorce -- Eschatological admonition and Mark 10:13-31: riches, poverty, and the faithful -- Rule of the congregation and Mark 10:32-52: glory and greatness in eschatological Israel -- 1 Maccabees and Mark 11:1-11: a subversive entry into Jerusalem -- Psalms of Solomon and Mark 11:12-25: the great priestly showdown at the temple -- The animal apocalypse and Mark 11:27-12:12: the rejection of the prophets and the destruction of the temple -- Josephus and Mark 12:13-27: the Sadducees, resurrection, and the law -- Psalms of Solomon and Mark 12:28-44: the Messiah's surprising identity and role -- The parables of Enoch and Mark 13:1-37: apocalyptic eschatology and the coming Son of Man --Mishnah Pesahim and Mark 14:1-25: the Passover tradition -- The Babylonian Talmud and Mark 14:26-52: Abba, Father! -- The parables of Enoch and Mark 14:53-73: blasphemy and exaltation -- Philo of Alexandria and Mark 15:1-15a: Pontius Pilate, a spineless governor? -- 11QTemple and Mark 15:15b-47: burying the crucified -- 2 Maccabees and Mark 16:1-8: resurrection as hope for the present.
526 ## - NOTA DE INFORMACIÓN SOBRE EL PROGRAMA DE ESTUDIO
Nombre del programa Segunda Especialidad En Profecías Bíblicas
526 ## - NOTA DE INFORMACIÓN SOBRE EL PROGRAMA DE ESTUDIO
Nombre del programa Segunda Especialidad En Nuevo Testamento
526 ## - NOTA DE INFORMACIÓN SOBRE EL PROGRAMA DE ESTUDIO
Nombre del programa Segunda Especialidad En Antiguo Testamento
526 ## - NOTA DE INFORMACIÓN SOBRE EL PROGRAMA DE ESTUDIO
Nombre del programa Segunda Especialidad En Estudios Adventistas
526 ## - NOTA DE INFORMACIÓN SOBRE EL PROGRAMA DE ESTUDIO
Nombre del programa Doctorado en teología
526 ## - NOTA DE INFORMACIÓN SOBRE EL PROGRAMA DE ESTUDIO
Nombre del programa Maestría en teología histórica
526 ## - NOTA DE INFORMACIÓN SOBRE EL PROGRAMA DE ESTUDIO
Nombre del programa Maestría en teología bíblica
526 ## - NOTA DE INFORMACIÓN SOBRE EL PROGRAMA DE ESTUDIO
Nombre del programa Maestría en teología
526 ## - NOTA DE INFORMACIÓN SOBRE EL PROGRAMA DE ESTUDIO
Nombre del programa Maestría en misionología
526 ## - NOTA DE INFORMACIÓN SOBRE EL PROGRAMA DE ESTUDIO
Nombre del programa Maestría en liderazgo eclesiástico
526 ## - NOTA DE INFORMACIÓN SOBRE EL PROGRAMA DE ESTUDIO
Nombre del programa Teología
596 ## -
-- 1
650 #0 - PUNTO DE ACCESO ADICIONAL DE MATERIA--TÉRMINO DE MATERIA
Término de materia o nombre geográfico como elemento de entrada Judaísmo
Subdivisión general Historia
Subdivisión cronológica Período exílico, 586 a. C.-210 d. C.
650 #0 - PUNTO DE ACCESO ADICIONAL DE MATERIA--TÉRMINO DE MATERIA
Término de materia o nombre geográfico como elemento de entrada Judaísmo
Subdivisión general Periodo post-exílico (judaísmo).
700 1# - ENTRADA AGREGADA--NOMBRE PERSONAL
Nombre de persona Blackwell, Ben C.,
Fechas asociadas al nombre 1974-,
Término indicativo de función/relación editor.
700 1# - ENTRADA AGREGADA--NOMBRE PERSONAL
Nombre de persona Goodrich, John,
Fechas asociadas al nombre 1981-,
Término indicativo de función/relación editor
700 1# - ENTRADA AGREGADA--NOMBRE PERSONAL
Nombre de persona Maston, Jason,
Fechas asociadas al nombre 1978-,
Término indicativo de función/relación editor.
910 ## - DATOS DE OPCIÓN DEL USUARIO (OCLC)
Datos de opción del usuario dbm
-- rri
-- rri
-- 20190102
942 ## - ELEMENTOS DE ENTRADA SECUNDARIOS (KOHA)
Fuente del sistema de clasificación o colocación Clasificación Decimal Dewey
Tipo de ítem Koha
994 ## -
-- C0
-- PEPRU
999 ## - NÚMEROS DE CONTROL DE SISTEMA (KOHA)
-- DEWEY
-- 79844
-- 2021-11-9
-- 4
-- CCODEBUL1
-- BUL
-- 14.99
-- 0
-- Y
-- BOOK
-- 2019-1-2
-- TEOLOGIA
-- P85
-- COMPRA
-- FCOMPR2
-- .STAFF. Colección Teología
980 ## - EQUIVALENCIA O REFERENCIA-CRUZADA-MENCIÓN DE SERIE--NOMBRE DE PERSONA/TÍTULO [LOCAL, CANADÁ]
ID del último usuario que modificó el registro 1
Nombre del último usuario que modificó el registro ALBERTO SANCHEZ Responsable de Automatización
Existencias
Visto por última vez Número de inventario Total de préstamos Signatura topográfica completa Código de barras Copia número Coste, precio de reemplazo Fecha de reemplazo Facultad Tipo de ítem Koha Nota pública Estado de pérdida Fuente del sistema de clasificación o colocación Restricciones de uso No para préstamo Colección Programa académico Biblioteca de origen Biblioteca actual Ubicación en estantería Fecha de adquisición Fuente de adquisición Coste, precio normal de compra
2025-12-02 5   226.3067 R31 79844 e1 19.99 2019-01-02   Libros físicos inventario-2023-12-13 No Perdido Clasificación Decimal Dewey No restringido Disponible para préstamos Colección General Maestría en teología Biblioteca CRAI UPeU Lima Biblioteca CRAI UPeU Lima Sala principal 2019-01-02 COMPRA 14.99